00933nam a2200193 a 450000100100000000500170001000800410002702000150006804000250008308200150010810000330012324500940015626000640025030000330031459000750034795201860042295201140060899900170072200003509720200930074113.0111025s1975 enka 000 0 eng d a0521208564 aDO-SdBNPbspacBNPHU axxxbR658n1 aRobinson, Ian,d1944-96076510aThe new grammarians' funeral :ba critique of Noam Chomsky's linguistics /cIan Robinson. aCambridge ;aNew York :bCambridge University Press,c1975. axiv, 189 p. :bil. ;c23 cm. aPerteneció a la biblioteca personal de Juan Isidro Jimenes Grullón 001050718MOaGRbGRcCTd2011-10-25iLF1l0oxxx R658np35097-10r2020-06-25w2020-06-25y1zPerteneció a la biblioteca personal de Juan Isidro Jimenes- GrullónZNo se presta 0010507-18MOaGRbGRcOId2011-10-25iLF1l0oxxx R658np35098-10r2020-06-25w2020-06-25y1ZNo se presta c34588d34588